000
00294nam a2200109Ia 4500
008
220624s9999 xx 000 0 und d
020
_a
1874820856
082
_a
XHO F ACHE
100
_a
Achebe, Chinua
_9
1515
245
0
_a
LWADIKIK UDONGA
942
_c
BK
_w
561
_x
John Tresidder
_y
_z
CRON CRON
999
_c
688824
_d
688823